[Event "GER-ch67 email"]
[Site "GER email"]
[Date "2013.05.13"]
[Round "?"]
[White "Laube, Bernd"]
[Black "Zenner, Claus"]
[Result "1/2-1/2"]
[WhiteElo "2177"]
[BlackElo "2074"]
[PlyCount "133"]
[EventDate "2013.05.20"]
[EventType "tourn (corr)"]
[EventRounds "14"]
[EventCountry "GER"]
[SourceTitle "Corr 2015"]
[Source "ChessBase"]
[SourceDate "2015.07.17"]
[SourceVersion "1"]
[SourceVersionDate "2015.07.17"]
[SourceQuality "1"]

1. d4 Nf6 2. Nf3 e6 3. c4 b6 4. g3 Bb7 5. Bg2 Be7 6. Nc3 Ne4 7. Bd2 0-0 8. d5 Nxc3 9. Bxc3 Bf6 10. Rc1 d6 11. Nd4 Nd7 12. b4 Bxd4 13. Qxd4 e5 14. Qd2 Qe7 15. e4 Rfc8 16. 0-0 c5 17. b5 a6 18. a4 axb5 19. axb5 Ra4 20. Ra1 Rca8 21. Rxa4 Rxa4 22. Qc2 Ra8 23. Qe2 Nf8 24. f4 f6 25. Qf2 Bc8 26. f5 Ra4 27. Qc2 Qa7 28. Qd3 Ra3 29. Bf3 Bd7 30. Rb1 Bc8 31. Bh5 g6 32. Be2 Qg7 33. Rf1 h5 34. Kh1 Qh7 35. Qc2 Kf7 36. Bb2 Ra2 37. Qb1 Ra7 38. h4 gxf5 39. exf5 Ke8 40. Kg2 Kd8 41. Qc2 Ra5 42. Bc1 Ra7 43. Rf2 Ra5 44. Bd3 Ra7 45. Be4 Ra5 46. Qd2 Ra4 47. Qe2 Ra1 48. Qe3 Ra4 49. Bd3 Bd7 50. Qe2 Be8 51. Qe3 Ke7 52. Bb2 Bd7 53. Qe2 Ra2 54. Rf1 Ra7 55. Be4 Ra4 56. Rf3 Ra2 57. Bb1 Ra7 58. Be4 Ra2 59. Qc2 Ra7 60. Rc3 Ra5 61. Qd3 Ra2 62. Qb1 Ra7 63. Ra3 Rxa3 64. Bxa3 Kd8 65. Bc1 Ke7 66. Qd3 Kd8 67. Bd2 1/2-1/2

[Event "GER-ch67 email"]
[Site "GER email"]
[Date "2013.05.13"]
[Round "?"]
[White "Zenner, Claus"]
[Black "Koehl, Rudolf"]
[Result "1/2-1/2"]
[WhiteElo "2075"]
[BlackElo "2085"]
[PlyCount "46"]
[EventDate "2013.05.20"]
[EventType "tourn (corr)"]
[EventRounds "14"]
[EventCountry "GER"]
[SourceTitle "Corr 2015"]
[Source "ChessBase"]
[SourceDate "2015.07.17"]
[SourceVersion "1"]
[SourceVersionDate "2015.07.17"]
[SourceQuality "1"]

1. d4 Nf6 2. c4 g6 3. g3 c6 4. Bg2 d5 5. cxd5 cxd5 6. Nf3 Bg7 7. 0-0 0-0 8. Nc3 Ne4 9. Bf4 Nxc3 10. bxc3 Nc6 11. Nd2 Be6 12. e4 dxe4 13. Nxe4 Bd5 14. Re1 b6 15. Qf3 Na5 16. h4 Rc8 17. Qd3 e6 18. h5 Nc4 19. h6 Bh8 20. Qc2 Qd7 21. Bf1 Qc6 22. Rac1 Rfd8 23. a4 a6 1/2-1/2

[Event "GER-ch67 email"]
[Site "GER email"]
[Date "2013.05.13"]
[Round "?"]
[White "Zenner, Claus"]
[Black "Zill, Eberhard"]
[Result "0-1"]
[WhiteElo "2074"]
[BlackElo "2083"]
[PlyCount "102"]
[EventDate "2013.05.20"]
[EventType "tourn (corr)"]
[EventRounds "14"]
[EventCountry "GER"]
[SourceTitle "Corr 2015"]
[Source "ChessBase"]
[SourceDate "2015.07.17"]
[SourceVersion "1"]
[SourceVersionDate "2015.07.17"]
[SourceQuality "1"]

1. d4 Nf6 2. c4 e6 3. Nf3 b6 4. a3 Bb7 5. Nc3 d5 6. Bg5 Be7 7. Qa4+ c6 8. Bxf6 Bxf6 9. cxd5 exd5 10. e3 0-0 11. Be2 Nd7 12. 0-0 Re8 13. Rfd1 g6 14. Rac1 b5 15. Qc2 a5 16. Ra1 Bg7 17. h3 a4 18. Bd3 f5 19. Re1 Bf8 20. g3 Bd6 21. Ne2 Rc8 22. Nf4 Qf6 23. h4 Re7 24. Rad1 Nb6 25. Qb1 Nc4 26. Bf1 Rce8 27. Kh2 Bc7 28. Qc2 Bc8 29. Be2 Kg7 30. Bf1 Ba5 31. Bxc4 dxc4 32. Rf1 Bb7 33. Ng1 Bc7 34. Nge2 Kg8 35. Rg1 Rd7 36. Ng2 h6 37. Nc3 g5 38. Kh1 Kh8 39. Rge1 Rg8 40. e4 f4 41. e5 Qe6 42. Kg1 Qh3 43. Qe4 Rdg7 44. Qf3 gxh4 45. Qh5 Bd8 46. Ne4 fxg3 47. fxg3 Bc8 48. Nf6 Rg6 49. Re3 Bg4 50. Nxg4 Qxg4 51. Qxg4 Rxg4 0-1

[Event "GER-ch 2012-D-V5 serv"]
[Site "GER email"]
[Date "2012.07.23"]
[Round "?"]
[White "Langheld, Werner"]
[Black "Zenner, Claus"]
[Result "1-0"]
[WhiteElo "1945"]
[BlackElo "2075"]
[PlyCount "109"]
[EventDate "2012.08.13"]
[EventType "tourn (corr)"]
[EventRounds "6"]
[EventCountry "GER"]
[SourceTitle "Corr 2015"]
[Source "ChessBase"]
[SourceDate "2015.07.17"]
[SourceVersion "1"]
[SourceVersionDate "2015.07.17"]
[SourceQuality "1"]

1. e4 e6 2. b3 d5 3. Bb2 dxe4 4. Nc3 Nf6 5. Qe2 Bd7 6. Nxe4 Be7 7. Nf3 0-0 8. Nxf6+ Bxf6 9. Bxf6 Qxf6 10. Qe5 Qxe5+ 11. Nxe5 Rd8 12. 0-0-0 Be8 13. Bd3 f6 14. Be4 fxe5 15. Bxb7 Bc6 16. Bxa8 Bxa8 17. f3 e4 18. fxe4 Bxe4 19. Rhe1 Bf5 20. Re5 Rd6 21. Rc5 Na6 22. Rc4 Kf8 23. g4 Bg6 24. Ra4 Ke7 25. d4 Kd7 26. c3 Kc8 27. Ra5 Rc6 28. Kb2 Rd6 29. h4 Kb7 30. Rb5+ Kc6 31. a4 h6 32. b4 Kd7 33. Ra5 e5 34. Rxe5 Nb8 35. b5 Rf6 36. Rde1 Kd8 37. g5 hxg5 38. Rxg5 Nd7 39. h5 Bf7 40. Rxg7 Rf2+ 41. Kc1 Bxh5 42. Rg8+ Rf8 43. Rxf8+ Nxf8 44. c4 Bf7 45. Rf1 Ke7 46. Kb2 Bg6 47. d5 Nd7 48. Re1+ Kd8 49. Re6 Bh5 50. Ra6 Be2 51. Kc3 Nb6 52. Rxa7 Bxc4 53. d6 Bf1 54. dxc7+ Kc8 55. Kb4 1-0

[Event "GER-ch 2012-D-V5 serv"]
[Site "GER email"]
[Date "2012.07.23"]
[Round "?"]
[White "Zenner, Claus"]
[Black "Scharf, Wolfgang"]
[Result "1/2-1/2"]
[WhiteElo "2075"]
[BlackElo "2023"]
[PlyCount "100"]
[EventDate "2012.08.13"]
[EventType "tourn (corr)"]
[EventRounds "6"]
[EventCountry "GER"]
[SourceTitle "Corr 2015"]
[Source "ChessBase"]
[SourceDate "2015.07.17"]
[SourceVersion "1"]
[SourceVersionDate "2015.07.17"]
[SourceQuality "1"]

1. d4 Nf6 2. c4 e6 3. g3 c5 4. d5 exd5 5. cxd5 b5 6. Nf3 Bb7 7. e4 Nxe4 8. Bg2 Be7 9. 0-0 0-0 10. Qd3 Nd6 11. Bf4 Na6 12. Nc3 c4 13. Qd1 Qb6 14. Nd4 Nc5 15. Bxd6 Bxd6 16. Ndxb5 Be5 17. Qg4 Nd3 18. Rab1 Rac8 19. Qxd7 a6 20. Na3 Rfd8 21. Qf5 g6 22. Qg5 Qc5 23. Ne4 Qf8 24. Nd2 Bxd5 25. Bxd5 Rxd5 26. Naxc4 Re8 27. Nb3 Red8 28. Nxe5 Rxe5 29. Qg4 Red5 30. Qe4 R8d6 31. Nd2 Rd4 32. Qe3 Qd8 33. Nf3 R4d5 34. Qe4 Qf6 35. b4 Kg7 36. Kg2 Qd8 37. a3 Re6 38. Qc4 Rf6 39. Ne1 Ne5 40. Qe4 Qd6 41. Rc1 Rd4 42. Qb7 Qe6 43. Rc3 Qa2 44. Nf3 Rd3 45. Rxd3 Nxd3 46. b5 axb5 47. Qxb5 Qxa3 48. Ne5 Nxe5 49. Qxe5 Qf3+ 50. Kg1 h6 1/2-1/2

[Event "GER-ch 2012-D-V5 serv"]
[Site "GER email"]
[Date "2012.07.23"]
[Round "?"]
[White "Zenner, Claus"]
[Black "Warzecha, Helmut"]
[Result "1-0"]
[WhiteElo "2075"]
[BlackElo "1999"]
[PlyCount "59"]
[EventDate "2012.08.13"]
[EventType "tourn (corr)"]
[EventRounds "6"]
[EventCountry "GER"]
[SourceTitle "Corr 2015"]
[Source "ChessBase"]
[SourceDate "2015.07.17"]
[SourceVersion "1"]
[SourceVersionDate "2015.07.17"]
[SourceQuality "1"]

1. d4 Nf6 2. c4 e5 3. dxe5 Ng4 4. Nc3 Nxe5 5. Nf3 Nxc4 6. Qd5 Nb6 7. Qe5+ Qe7 8. Qxc7 Nc6 9. Qg3 d5 10. a3 Be6 11. Bf4 f6 12. Nb5 Kf7 13. e3 a6 14. Nc7 Rc8 15. Be2 Bf5 16. h4 Qd7 17. 0-0 Be7 18. b4 g6 19. b5 axb5 20. Nxb5 Rhg8 21. Rfd1 Na4 22. Qh2 Bc2 23. Rd2 Be4 24. Bc7 Kg7 25. Rad1 h5 26. Qg3 Kh7 27. Nh2 Bc5 28. Qf4 Qe6 29. Nf1 Nc3 30. Nxc3 1-0